000 00404nam a22001577a 4500
020 _a9789354325182
082 _aM300 9
_bSRE/A
100 _aSreekumar S S
245 _aAdhunikananthara vishadayogam/
_cby Sreekumar S S
260 _aKottayam:
_bDC books,
_c2024.
300 _a256p.
650 _aNovel Malayalam Criticism
650 _aLiterature Malayalam
650 _aLiterature
942 _cBK
999 _c181920
_d181920